Demonology roblox job sites - Statistics

General Stats
  • This quiz has been taken 16 times
    6 since last reset
  • The average score is 8 of 11
Answer Stats
Size Job Site % Correct
Medium Cafe
100%
Small Juniper Road
100%
Small Lincoln Street
100%
Large Prison
100%
Large School
100%
Small Bodega
75%
Small Fenway Drive
75%
Large Asylum
50%
Medium Bridgewood
50%
Medium Oakbridge
50%
Medium Liliam Lane
25%
No matching quizzes found
Score Distribution
Percent of People with Each Score
Percentile by Number Answered
Your Score History
You have not taken this quiz since the last reset